| 000 | 00514nam a2200157Ia 4500 | ||
|---|---|---|---|
| 008 | 160316s2005 xxu||||| |||| 00| 0 eng d | ||
| 082 |
_a347.090000 _bBAC-I |
||
| 100 | _aBachawat R S | ||
| 245 | _aLaw of arbitration and conciliation ( Including commercial , international and ADR ) Vol. I | ||
| 250 | _a4th | ||
| 260 |
_aAgra _bWadhwa and Co. _c2005 |
||
| 300 |
_a1325p _b _cvi |
||
| 365 | _bRs.1,395 | ||
| 650 | _a1. Arbitration Law 2. International Arbitration Law 3. Commercial Arbitration Law | ||
| 700 |
_a _a |
||
| 999 |
_c22753 _d22753 |
||